Biblioteca

Salud integral : (Registro nro. 51947)

Detalles MARC
000 -LÍDER
Campo fijo de descripción fija 01202aab a2200193 i 4500
001 - NÚMERO DE CONTROL
Campo de control 768714001
003 - IDENTIFICADOR DEL NÚMERO DE CONTROL
Campo de control CO-MdFUSB
005 - FECHA Y HORA DE LA ULTIMA TRANSACCIÓN
control field 20240320113144.0
008 - ELEMENTOS DE LONGITUD FIJA -- INFORMACIÓN GENERAL
Campo fijo de descripción fija -- Información general 240315t1992 ag a|||| |||| 00| 0 spa d
040 ## - FUENTE DE CATALOGACIÓN
Idioma de catalogación spa
Agencia que realiza la transcripción CO-MdFUSB
041 ## - CÓDIGO DE IDIOMA
Código de idioma para texto/pista de sonido o título separado spa
100 1# - ASIENTO PRINCIPAL--NOMBRE PERSONAL
Nombre personal Proaño, Patricio
Término relacionador autor
245 10 - TÍTULO
Título Salud integral :
Subtitulo base bíblica
Mención de responsabilidad / Patricio Proaño
300 ## - DESCRIPCIÓN FÍSICA
Extensión Volumen 11, número 1 (enero - marzo, 1992), páginas 12-13
Dimensiones ; 27 cm
520 ## - NOTA DE RESUMEN, ETC.
Nota de sumario, etc. Dar y sostener la vida de todo lo creado no ha sido una tarea fácil para Dios. Siempre ha habido fuerzas opuestas a la vida y Dios ha tenido que actuar de diferentes formas en la historia para sostener su creación. Algunas de esas obras de Dios por la vida son: Dios crea todo para una vida abundante, Dios recrea la vida, Dios libera a su pueblo de condiciones sociales de muerte, Dios se preocupa por la salud física de su pueblo y establece leyes sanitarias, Dios da esperanzas de una vida mejor a su pueblo, Jesús es vida salud y esperanza, la iglesia y su misión por la vida.
653 ## - TÉRMINO DE INDIZACIÓN - NO CONTROLADO
Término no controlado Salud integral
773 0# - ASIENTO DE ITEM FUENTE
Título Iglesia y Misión
Biblionumber 49402
Itemnumber 59656
Parte(s) relacionada(s) / Volumen., número. (mes año), páginas Volumen 11, número 1 (enero - marzo, 1992), páginas 12-13
Enumeración y primera página páginas 12
942 ## - TIPO DE MATERIAL (KOHA)
Tipo de Item KOHA Artículos de Revista

No hay ítems disponibles.

Biblioteca FUSBC | Teléfono: (57+4) 349 88 10 Ext. 141| WhatsApp (+57) 3005338115 
E-mail: biblioteca@unisbc.edu.co | Calle 76 87-14 Robledo Palenque, Medellín, Colombia

Con tecnología Koha